000 00585nam a2200265Ia 4500
005 20260306164107.0
008 008 260114s9999 xx 000 0 eng d
020 _a9780823280605
037 _aEBOOK
040 _aCRL
040 _beng
040 _cCRL
041 _2eng
041 _aeng
084 _qCRL
100 _aNeyrat
_91129969
245 0 _aAtopias
260 _bFordham University Press
260 _c2018
650 _aPhilosophy
856 _uhttps://academic.oup.com/book/16517
942 _cEBOOK
999 _c1712726
_d1712726